[Event "III Trofeo Giorgio Porreca"]
[Site "Napoli ITA"]
[Date "2013.10.31"]
[Round "6"]
[White "Taurisano, Vincenzo"]
[Black "Caiazzo, Diego"]
[WhiteElo "1942"]
[BlackElo "1797"]
[Result "1-0"]
[PlyCount "103"]
[EventDate "2013.09.26"]

1. e4 d5 2. exd5 Qxd5 3. d4 c6 4. c4 Qd6 5. Nc3 Nf6 6. Nf3 Bg4 7. Be2 e6 8. O-O
Be7 9. Qb3 Qb4 10. Bf4 Qxb3 11. axb3 Nbd7 12. h3 Bh5 13. Rfe1 O-O 14. Nd2 Bxe2
15. Rxe2 a6 16. c5 Nd5 17. Nxd5 cxd5 18. Nf3 Rfe8 19. Rc1 Rac8 20. Rec2 Nb8 21.
Bxb8 Rxb8 22. c6 bxc6 23. Rxc6 Rxb3 24. Rxa6 Rxb2 25. Ra7 Bf6 26. Rcc7 Rf8 27.
Ne5 Bxe5 28. dxe5 Rd2 29. Kf1 Rb2 30. Rd7 h6 31. g3 g5 32. Ra4 h5 33. h4 g4 34.
Rf4 Kg7 35. Rf6 Rb6 36. Ke2 Rc6 37. Ke3 Rc3+ 38. Kf4 Rf3+ 39. Kg5 Rxf6 40.
exf6+ Kh7 41. Kxh5 Kg8 42. Kxg4 Ra8 43. h5 Ra5 44. Rd8+ Kh7 45. Rf8 Ra4+ 46.
Kf3 Re4 47. Rxf7+ Kh6 48. Rg7 Kxh5 49. g4+ Kh6 50. g5+ Kh5 51. f7 e5 52. g6 1-0

[Event "III Trofeo Giorgio Porreca"]
[Site "Napoli ITA"]
[Date "2013.10.31"]
[Round "6"]
[White "Tortorella, Eduardo"]
[Black "Pellegrino, Carlo"]
[WhiteElo "1475"]
[BlackElo "1446"]
[Result "1-0"]
[PlyCount "87"]
[EventDate "2013.09.26"]

1. e4 d6 2. Bc4 Nf6 3. d3 e5 4. Bg5 Nbd7 5. Nc3 Be7 6. Nf3 O-O 7. O-O c6 8. a4
b6 9. b4 Qc7 10. b5 Bb7 11. bxc6 Qxc6 12. Bxf6 Nxf6 13. Nd5 Nxd5 14. exd5 Qc5
15. Bb3 Bxd5 16. d4 Qc6 17. dxe5 Bxb3 18. cxb3 Rad8 19. Rc1 Qb7 20. Qe2 d5 21.
e6 f6 22. Qb5 Rd6 23. Nd4 a6 24. Qd3 Rc8 25. Rxc8+ Qxc8 26. Re1 g6 27. Qc2 Qxc2
28. Nxc2 d4 29. Nb4 d3 30. Nxa6 d2 31. Rd1 f5 32. Kf1 Bg5 33. f3 Kg7 34. g3 Kf6
35. f4 Bh6 36. Ke2 Rxe6+ 37. Kxd2 Bf8 38. Kc3 h6 39. Kc4 h5 40. Kb5 Kf7 41.
Rd7+ Re7 42. Rxe7+ Kxe7 43. Nc7 Kd7 44. Nd5 1-0

[Event "III Trofeo Giorgio Porreca"]
[Site "Napoli ITA"]
[Date "2013.10.31"]
[Round "6"]
[White "Zinnai, Graziano Matteo"]
[Black "Seletsky, Grigory"]
[WhiteElo "2034"]
[BlackElo "2304"]
[Result "1-0"]
[PlyCount "77"]
[EventDate "2013.09.26"]

1. e4 c5 2. d3 Nc6 3. f4 g6 4. c3 Bg7 5. Be3 d6 6. g3 Nf6 7. h3 c4 8. Bg2 cxd3
9. Qxd3 O-O 10. Ne2 Qc7 11. O-O b6 12. Nd4 Bb7 13. Nd2 a6 14. g4 Nd7 15. N2f3
Nc5 16. Qc2 b5 17. Nxc6 Bxc6 18. Nd4 Bb7 19. f5 Rac8 20. g5 Rfe8 21. Nb3 Na4
22. f6 Bf8 23. Bd4 e5 24. Be3 b4 25. Nd2 Nxb2 26. c4 Nxc4 27. Rfc1 Nxe3 28.
Qxc7 Rxc7 29. Rxc7 Nxg2 30. Kxg2 Rb8 31. Kf3 d5 32. Rac1 a5 33. Ke3 h6 34. h4
a4 35. Rd7 b3 36. axb3 axb3 37. Rcc7 Ba8 38. Rxf7 b2 39. h5 1-0

[Event "III Trofeo Giorgio Porreca"]
[Site "Napoli ITA"]
[Date "2013.11.07"]
[Round "7"]
[White "Baltzopoulos, Giorgos"]
[Black "Franzese, Luigi"]
[WhiteElo "1973"]
[BlackElo "1872"]
[Result "1-0"]
[PlyCount "79"]
[EventDate "2013.09.26"]

1. d4 d5 2. c4 e6 3. Nc3 Nf6 4. cxd5 exd5 5. Bg5 Be7 6. e3 O-O 7. Qc2 c6 8. Bd3
Nbd7 9. Nge2 h6 10. Bf4 Nh5 11. O-O-O Nxf4 12. Nxf4 Nf6 13. Kb1 Re8 14. h3 Bb4
15. g4 Bxc3 16. Qxc3 Ne4 17. Qc2 Qh4 18. Rdf1 Bd7 19. Rhg1 Qe7 20. f3 Nd6 21.
Re1 Qf8 22. h4 Re7 23. g5 hxg5 24. Rxg5 Rae8 25. Bh7+ Kh8 26. Rh5 g6 27. Bxg6+
Kg8 28. Rg1 fxg6 29. Nxg6 Rg7 30. Rh8+ Kf7 31. Rxf8+ Rxf8 32. Ne5+ Ke8 33. Rxg7
Bf5 34. e4 dxe4 35. Nxc6 Rh8 36. fxe4 Bxe4 37. Re7+ Kf8 38. Rxe4 Nxe4 39. Ne5
Rxh4 40. Ng6+ 1-0

[Event "III Trofeo Giorgio Porreca"]
[Site "Napoli ITA"]
[Date "2013.11.07"]
[Round "7"]
[White "Caiazzo, Diego"]
[Black "Somma, Erminio"]
[WhiteElo "1797"]
[BlackElo "1527"]
[Result "1-0"]
[PlyCount "153"]
[EventDate "2013.09.26"]

1. d4 f5 2. g3 g6 3. Bg2 Bg7 4. Nf3 Nf6 5. O-O O-O 6. c4 d6 7. Nc3 Qe8 8. Qb3
Kh8 9. Ng5 c6 10. d5 Na6 11. dxc6 bxc6 12. Qc2 Rb8 13. a3 h6 14. Nf3 e5 15. Rd1
Qe7 16. Nh4 Kh7 17. Bxc6 Bb7 18. Bxb7 Rxb7 19. Nb5 Rd7 20. b4 Nb8 21. Bb2 a6
22. Nc3 Rc8 23. Nd5 Nxd5 24. Rxd5 Rdc7 25. Qd1 Bf8 26. c5 dxc5 27. Rxe5 Qd7 28.
Rd5 Qe6 29. Be5 Rd7 30. Rxd7+ Nxd7 31. Bc3 cxb4 32. Bxb4 Bg7 33. Rb1 f4 34. Qd6
Qxd6 35. Bxd6 fxg3 36. hxg3 Be5 37. Bxe5 Nxe5 38. Rb7+ Kg8 39. f4 Rc1+ 40. Kf2
Ng4+ 41. Kf3 h5 42. Nxg6 Rc3+ 43. Ke4 Re3+ 44. Kd4 Rxg3 45. Ne7+ Kf8 46. Ng6+
Kg8 47. a4 Ne3 48. Ne7+ Kf8 49. Nc6 h4 50. Rh7 h3 51. Ke4 Ng4 52. Kf5 Ne3+ 53.
Ke4 Ng4 54. Kf5 Kg8 55. Rh4 Ne3+ 56. Ke4 Ng4 57. Ne7+ Kf7 58. Rh7+ Ke8 59. Kf5
h2 60. Nd5 Rg1 61. Nf6+ Nxf6 62. Rxh2 Ke7 63. Rh6 Nd7 64. Rxa6 Ra1 65. Ra7 Kd6
66. e4 Re1 67. Ra6+ Ke7 68. e5 Nc5 69. Ra7+ Ke8 70. a5 Rb1 71. a6 Rb6 72. Ra8+
Ke7 73. a7 Rb7 74. Rh8 Rxa7 75. Rh7+ Kf8 76. Rxa7 Ke8 77. e6 1-0

[Event "III Trofeo Giorgio Porreca"]
[Site "Napoli ITA"]
[Date "2013.11.07"]
[Round "7"]
[White "Capozzoli, Silvio"]
[Black "Buonanno, Raffaele"]
[WhiteElo "1744"]
[BlackElo "1455"]
[Result "1/2-1/2"]
[PlyCount "102"]
[EventDate "2013.09.26"]

1. e4 d6 2. d4 g6 3. Bc4 Bg7 4. Be3 a6 5. Qf3 e6 6. Ne2 b5 7. Bb3 Bb7 8. Nd2
Nf6 9. Ng3 Nbd7 10. c3 c5 11. O-O O-O 12. Qe2 Rc8 13. a4 Qb6 14. Rfc1 Rc6 15.
f3 c4 16. Bc2 Rc7 17. e5 Nd5 18. exd6 Qxd6 19. Nde4 Qe7 20. axb5 axb5 21. Bd2
Rb8 22. Ra7 Bc6 23. Rca1 Rxa7 24. Rxa7 Ra8 25. Rxa8+ Bxa8 26. Qd1 Qd8 27. Qa1
Bc6 28. Qa6 Qc7 29. Bg5 Nb8 30. Qa3 h6 31. Bd2 Bf8 32. Qa1 Nd7 33. Qc1 Kh7 34.
Nf2 N7f6 35. Nge4 Nxe4 36. fxe4 Nf6 37. Bf4 Qb7 38. Qe3 b4 39. cxb4 Qxb4 40.
Qc3 Qxc3 41. bxc3 g5 42. Bd2 Kg7 43. Kf1 Nd7 44. Nd1 f6 45. g3 Bd6 46. Ne3 Nb6
47. Kf2 h5 48. h3 Kh6 49. h4 Kg7 50. d5 exd5 51. exd5 Bd7 1/2-1/2

[Event "III Trofeo Giorgio Porreca"]
[Site "Napoli ITA"]
[Date "2013.11.07"]
[Round "7"]
[White "Esposito, Pino"]
[Black "Supino, Domenico"]
[WhiteElo "1768"]
[BlackElo "2083"]
[Result "0-1"]
[PlyCount "62"]
[EventDate "2013.09.26"]

1. d4 b5 2. e4 Bb7 3. Bd3 Nf6 4. f3 a6 5. Ne2 e6 6. O-O c5 7. c3 Nc6 8. Be3
cxd4 9. Nxd4 Qc7 10. Nxc6 Bxc6 11. Qe2 Bd6 12. g3 h5 13. Nd2 h4 14. f4 hxg3 15.
hxg3 Qb7 16. Qg2 Ng4 17. Bd4 Rh2 18. Qxh2 Nxh2 19. Kxh2 f6 20. Rh1 O-O-O 21.
Kg1 f5 22. Re1 g5 23. fxg5 Bxg3 24. Re2 e5 25. Be3 fxe4 26. Bc2 d5 27. g6 Rg8
28. Rh7 Rg7 29. Rg2 Bf4 30. Rh8+ Kd7 31. Nxe4 Bxe3+ 0-1

[Event "III Trofeo Giorgio Porreca"]
[Site "Napoli ITA"]
[Date "2013.11.07"]
[Round "7"]
[White "Lettieri, Giuseppe"]
[Black "Gallo, Thomas Renato"]
[WhiteElo "2395"]
[BlackElo "1911"]
[Result "1-0"]
[PlyCount "77"]
[EventDate "2013.09.26"]

1. c4 Nf6 2. Nc3 e6 3. e4 d5 4. e5 d4 5. exf6 dxc3 6. bxc3 Qxf6 7. Nf3 c5 8. d4
h6 9. Bd3 Nc6 10. O-O cxd4 11. cxd4 Nxd4 12. Nxd4 Qxd4 13. Rb1 b6 14. Qf3 Rb8
15. Bb2 Qd7 16. Qg3 Bd6 17. Qxg7 Rf8 18. Be5 Bb7 19. c5 Bxe5 20. Qxe5 Rd8 21.
Bb5 Bc6 22. cxb6 Rg8 23. g3 Rg5 24. Qh8+ Ke7 25. Bxc6 Rxh8 26. Bxd7 Kxd7 27.
bxa7 Ra8 28. Rb7+ Kd6 29. Rd1+ Rd5 30. Rxd5+ exd5 31. Rxf7 Kc5 32. Kf1 Kd4 33.
Ke2 Re8+ 34. Kd2 Rd8 35. h4 h5 36. f3 Rc8 37. g4 hxg4 38. fxg4 Ke4 39. Re7+ 1-0

[Event "III Trofeo Giorgio Porreca"]
[Site "Napoli ITA"]
[Date "2013.11.07"]
[Round "7"]
[White "Messina, Enrico"]
[Black "Zinnai, Graziano Matteo"]
[WhiteElo "2216"]
[BlackElo "2034"]
[Result "1/2-1/2"]
[PlyCount "85"]
[EventDate "2013.09.26"]

1. e4 e6 2. d4 d5 3. Nd2 Nc6 4. Ngf3 Nf6 5. e5 Nd7 6. Bb5 a6 7. Bxc6 bxc6 8. c4
dxc4 9. Nxc4 Nb6 10. Qc2 Nxc4 11. Qxc4 Qd5 12. Qxd5 cxd5 13. O-O c5 14. Be3 c4
15. b3 cxb3 16. axb3 Be7 17. Rfc1 O-O 18. Ne1 Rb8 19. Rc7 Bd8 20. Rc3 Bb6 21.
Nd3 Bb7 22. h4 Rfc8 23. Nc5 Bxc5 24. dxc5 Ra8 25. Bd4 Bc6 26. f4 Rcb8 27. Kf2
h5 28. Ra3 Kf8 29. Rc2 g6 30. Ke3 Ke7 31. Kd3 Kd7 32. Kc3 Bb5 33. Kd2 Kc6 34.
Bc3 Rc8 35. Ke3 Rg8 36. Kd4 Rgc8 37. Ba5 Rg8 38. b4 Rgc8 39. Rg3 Rg8 40. Rg5
Rge8 41. Rf2 Rac8 42. Bb6 Ra8 43. Rg3 1/2-1/2

[Event "III Trofeo Giorgio Porreca"]
[Site "Napoli ITA"]
[Date "2013.11.07"]
[Round "7"]
[White "Miccoli, Livio"]
[Black "Soave, Vittorio"]
[WhiteElo "1610"]
[BlackElo "1467"]
[Result "0-1"]
[PlyCount "112"]
[EventDate "2013.09.26"]

1. e4 e6 2. Qe2 Ne7 3. Nc3 b6 4. g3 Bb7 5. Bg2 Ng6 6. d3 Be7 7. f4 c5 8. Nf3
Nc6 9. f5 Nge5 10. fxe6 dxe6 11. Nxe5 Nxe5 12. Be3 O-O 13. O-O-O Bg5 14. h4
Bxe3+ 15. Qxe3 Qe7 16. Rdf1 Rad8 17. Qf4 Ng6 18. Qf2 Ne5 19. Ne2 Rxd3 20. Qf4
Qc7 21. Bh3 Rdd8 22. h5 Ba6 23. h6 Bxe2 24. hxg7 Nd3+ 25. cxd3 Qxf4+ 26. Rxf4
Kxg7 27. Rh2 Bxd3 28. Rhf2 Ba6 29. Rg4+ Kh8 30. Rh4 Bc8 31. Rh2 Kg7 32. e5 Rd4
33. Bg4 Rh8 34. Rf2 Re4 35. Rxf7+ Kxf7 36. Bh5+ Ke7 37. Rxe4 Rg8 38. Rf4 Rxg3
39. Rf7+ Kd8 40. Rxh7 Rg5 41. Rh8+ Kc7 42. Rh7+ Kd8 43. Bf3 Rxe5 44. Rh8+ Kc7
45. Rh7+ Bd7 46. Bd1 Kd6 47. Rh8 Kc7 48. Rh7 Kd6 49. Kc2 Rf5 50. Kc3 Bb5 51.
Rxa7 Kc6 52. Re7 Kd6 53. Rb7 Kc6 54. Rb8 Rf7 55. Re8 Kd6 56. Bb3 Bxe8 0-1

[Event "III Trofeo Giorgio Porreca"]
[Site "Napoli ITA"]
[Date "2013.11.07"]
[Round "7"]
[White "Parise, Mariano"]
[Black "Taurisano, Vincenzo"]
[WhiteElo "1641"]
[BlackElo "1942"]
[Result "1-0"]
[PlyCount "61"]
[EventDate "2013.09.26"]

1. d4 d5 2. c4 e6 3. Nc3 Nf6 4. e3 Nbd7 5. c5 c6 6. f4 b6 7. b4 bxc5 8. bxc5
Be7 9. Qa4 Qc7 10. Nf3 O-O 11. Bd3 a5 12. O-O Ba6 13. Rd1 Bxd3 14. Rxd3 Rfb8
15. a3 Ne4 16. Ne5 Nxe5 17. fxe5 Rb7 18. Nxe4 dxe4 19. Rb3 Rab8 20. Rab1 Rxb3
21. Rxb3 Rxb3 22. Qxb3 Qd8 23. Qb6 Qxb6 24. cxb6 Bd8 25. b7 Bc7 26. Bd2 f6 27.
Bxa5 Bb8 28. exf6 gxf6 29. Bb6 Kf7 30. a4 Ke7 31. a5 1-0

[Event "III Trofeo Giorgio Porreca"]
[Site "Napoli ITA"]
[Date "2013.11.07"]
[Round "7"]
[White "Seletsky, Grigory"]
[Black "Buiano, Fabio"]
[WhiteElo "2304"]
[BlackElo "2024"]
[Result "1-0"]
[PlyCount "113"]
[EventDate "2013.09.26"]

1. e4 c5 2. Nf3 g6 3. g3 Bg7 4. Bg2 Nc6 5. O-O d6 6. c3 e5 7. d3 Nge7 8. a3 a5
9. a4 O-O 10. Na3 h6 11. Nd2 Be6 12. Nac4 d5 13. exd5 Bxd5 14. Ne4 f5 15. Ned6
Bxg2 16. Kxg2 Rb8 17. f4 exf4 18. gxf4 Qd7 19. Qb3 Kh7 20. Qb6 Qe6 21. Qxc5
Qe2+ 22. Qf2 Qxd3 23. Qf3 Qxf3+ 24. Rxf3 Nd5 25. Rd3 Nce7 26. Kf3 Rf6 27. Bd2
Bf8 28. Rd1 b6 29. Be1 g5 30. Bg3 Nxf4 31. Bxf4 gxf4 32. Kxf4 Ng6+ 33. Kf3 Rd8
34. Nb7 Rxd3+ 35. Rxd3 Rc6 36. b3 Rxc4 37. bxc4 Ne5+ 38. Ke3 Nxd3 39. Kxd3 Kg6
40. Kd4 Bg7+ 41. Kd3 Be5 42. c5 bxc5 43. Nxa5 Bxh2 44. Nc6 Bc7 45. a5 Kg5 46.
a6 Bb6 47. a7 Bxa7 48. Nxa7 Kg4 49. Nc6 Kg3 50. Ne5 f4 51. Ke2 h5 52. Nf3 h4
53. Ne5 c4 54. Nxc4 f3+ 55. Ke3 h3 56. Nd2 Kg2 57. Nxf3 1-0

[Event "III Trofeo Giorgio Porreca"]
[Site "Napoli ITA"]
[Date "2013.11.07"]
[Round "7"]
[White "Solombrino, Giovanni"]
[Black "Esposito, Rosario"]
[WhiteElo "1858"]
[BlackElo "1826"]
[Result "1/2-1/2"]
[PlyCount "57"]
[EventDate "2013.09.26"]

1. e4 c5 2. Nf3 e6 3. d4 cxd4 4. Nxd4 Nc6 5. Nc3 Qc7 6. Be3 a6 7. Bd3 Nf6 8.
O-O Be7 9. f4 Nb4 10. Be2 d6 11. Qd2 d5 12. a3 Nc6 13. exd5 exd5 14. Bf3 O-O
15. Nxd5 Nxd5 16. Bxd5 Rd8 17. Bxc6 bxc6 18. Qf2 Bf6 19. c3 a5 20. Rad1 Ba6 21.
Rfe1 Rab8 22. f5 Be5 23. Nf3 Bd6 24. Bc5 Bxc5 25. Qxc5 Rxd1 26. Rxd1 Be2 27.
Rd2 Bxf3 28. gxf3 Qf4 29. Qd4 1/2-1/2

[Event "III Trofeo Giorgio Porreca"]
[Site "Napoli ITA"]
[Date "2013.11.07"]
[Round "7"]
[White "Somma, Andrea"]
[Black "Baccelliere, Antonio"]
[WhiteElo "1852"]
[BlackElo "1607"]
[Result "1/2-1/2"]
[PlyCount "63"]
[EventDate "2013.09.26"]

1. Nf3 Nf6 2. d3 d6 3. e4 e5 4. c3 g6 5. h3 Bg7 6. Be3 b6 7. Qc1 Bb7 8. Bh6 O-O
9. Nh2 Re8 10. Ng4 Nbd7 11. Bxg7 Kxg7 12. Qh6+ Kg8 13. Nd2 Qe7 14. Nf3 Qf8 15.
Qg5 Qg7 16. Nh6+ Kh8 17. Nh2 Nc5 18. N2g4 Nh5 19. g3 d5 20. Nxe5 Rxe5 21. Qxe5
f6 22. Qd4 Qxh6 23. g4 Ng7 24. Qxf6 dxe4 25. g5 Qh4 26. O-O-O Nxd3+ 27. Bxd3
exd3 28. Rxd3 Bxh1 29. Rd8+ Rxd8 30. Qxd8+ Ne8 31. Qxe8+ Kg7 32. Qe7+ 1/2-1/2

[Event "III Trofeo Giorgio Porreca"]
[Site "Napoli ITA"]
[Date "2013.11.07"]
[Round "7"]
[White "Sparice, Lorenzo"]
[Black "Freda, Guido"]
[WhiteElo "1483"]
[BlackElo "1416"]
[Result "0-1"]
[PlyCount "77"]
[EventDate "2013.09.26"]

1. e4 c5 2. Nc3 d6 3. d4 cxd4 4. Qxd4 Nc6 5. Bb5 Bd7 6. Bxc6 Bxc6 7. Nf3 e5 8.
Qd1 Nf6 9. Bg5 Be7 10. Bxf6 Bxf6 11. O-O O-O 12. Nd5 Rc8 13. Nxf6+ Qxf6 14. Nd2
b5 15. c3 Rfd8 16. f3 Qg5 17. Qc1 Qg6 18. b4 Bd7 19. Qb2 h5 20. f4 Bh3 21. Nf3
Bg4 22. f5 Qh6 23. Qc1 Qxc1 24. Rfxc1 Bxf3 25. gxf3 f6 26. Rc2 d5 27. exd5 Rxd5
28. Rac1 Rc4 29. Kg2 e4 30. Rf1 exf3+ 31. Kf2 Rxf5 32. Re1 Rg4 33. Kf1 Rh4 34.
Re7 f2 35. Rxf2 Rxf2+ 36. Kxf2 Rxh2+ 37. Kf3 Rc2 38. Rxa7 Rxc3+ 39. Ke4 0-1

[Event "III Trofeo Giorgio Porreca"]
[Site "Napoli ITA"]
[Date "2013.11.07"]
[Round "7"]
[White "Tortorella, Eduardo"]
[Black "Lombardo, Claudio"]
[WhiteElo "1475"]
[BlackElo "1838"]
[Result "0-1"]
[PlyCount "76"]
[EventDate "2013.09.26"]

1. e4 c5 2. Nf3 e6 3. c4 Nc6 4. a3 Qc7 5. d3 Nf6 6. Nc3 a6 7. g3 Be7 8. Bg2 d6
9. O-O O-O 10. Bg5 b6 11. e5 dxe5 12. Bxf6 Bxf6 13. Ne4 Be7 14. Qe2 Bb7 15.
Nfg5 Nd4 16. Qh5 h6 17. Nf3 Nxf3+ 18. Bxf3 Rad8 19. Rad1 Rd7 20. Qh3 Rfd8 21.
Be2 Rd4 22. f3 Bc6 23. b3 b5 24. Qg2 Qb7 25. h4 f5 26. Nf2 Rf8 27. Rb1 Bf6 28.
Nh3 e4 29. fxe4 fxe4 30. dxe4 Rd2 31. Rbe1 Bxe4 32. Kh2 Bxg2 33. Nf4 Bxf1 34.
Rxf1 Rxe2+ 35. Nxe2 bxc4 36. bxc4 Qb2 37. Rf2 Bd4 38. Rxf8+ Kxf8 0-1